000 00716nam a2200229 4500
001 145412
003 ES-MaACL
005 20230906201228.0
007 t|
008 070214s1941 sp r ||||1| spa d
080 _a894.541-31"18"
100 1 _aKivi, Aleksis.
_968167
245 1 4 _aLos siete hermanos /
_cAleksis Kivi [seud. de Aleksis Stenvall] ; traducción de Alfonso Nadal.
250 _a[1ª ed.].
260 _a[S. l. :
_bs. n.,
_c1941] (
_eBarcelona :
_fTall. Gráf. Agustín Núñez)
300 _a347 p. ;
_c18 cm.
490 1 _aSaeta blanca ;
_v2
700 1 _aNadal, Alfonso.
_984791
830 0 _aSaeta blanca ;
_v2
_9220761
852 _aES-MaACL
_jF-14733
_bR.18923
999 _c145412
_d145412